000 00419pab a2200169 454500
008 180718b2009 xxu||||| |||| 00| 0 eng d
100 _aLever, Annabelle
245 _aDemocracy and judicial review: are they really incompatible?
260 _c2009
300 _ap.805-22.
362 _aDec
650 _aDemocracy
650 _aJudiciary
773 _aPerspectives on Politics
908 _aN
909 _a85613
999 _c85613
_d85613